000 00833nam0a2200253 4500
001 RU\NLR\bibl\1853933
005 20250616180349.0
010 _a978-5-462-01250-1
_97000
021 _aRU
_b2011-94271
_9605д/11
035 _a(NLR Aleph) 001843870
090 _a2309267
_c2309267
100 _a20120110d2011 |||y0rusy50 ca
101 0 _arus
102 _aRU
105 _ay |||||||||
200 1 _aАстрологический прогноз на все знаки, 2012. Неделя за неделей
210 _aМосква
_cАСТ-Пресс
_d2011
215 _d20
700 1 _aДарувалла
_bБ.
_4070
801 0 _aRU
_bNLR
_c20120110
_gRCR
801 1 _aRU
_bNLR
_c20120110
942 _cBOOK
980 _aNB